La casa de los espíritus / (Record no. 113488)

MARC details
000 -CABECERA
campo de control de longitud fija 00547nam a2200193 a 4500
005 - FECHA Y HORA DE LA ÚLTIMA TRANSACCIÓN
campo de control 20220604063854.0
008 - ELEMENTOS DE LONGITUD FIJA--INFORMACIÓN GENERAL
campo de control de longitud fija 051201s2002 es r 000 0 spa d
020 ## - NÚMERO INTERNACIONAL NORMALIZADO PARA LIBROS
Número Internacional Estándar del Libro 849759200X
035 ## - NÚMERO DE CONTROL DEL SISTEMA
Número de control de sistema UPN01000141341
049 ## - COLECCIÓN
Colección CG
050 #4 - SIGNATURA TOPOGRÁFICA DE LA BIBLIOTECA DEL CONGRESO
Número de clasificación PQ8097 A4
Número de documento/Ítem C2.3b
100 1# - ASIENTO PRINCIPAL--NOMBRE PERSONAL
Nombre de persona Allende, Isabel,
Fechas asociadas al nombre 1942-
245 13 - MENCIÓN DE TÍTULO
Título La casa de los espíritus /
Mención de responsabilidad, etc. Isabel Allende.
260 ## - PUBLICACIÓN, DISTRIBUCIÓN, ETC.
Lugar de publicación, distribución, etc. Barcelona, Esp. :
Nombre del editor, distribuidor, etc. Random House Mondadori,
Fecha de publicación, distribución, etc. 2002.
300 ## - DESCRIPCIÓN FÍSICA
Extensión 453 p.
650 #4 - ASIENTO SECUNDARIO DE MATERIA - TERMINO TEMATICO
Término de materia o nombre geográfico como elemento de entrada NOVELA CHILENA
9 (RLIN) 8845
650 #7 - ASIENTO SECUNDARIO DE MATERIA - TERMINO TEMATICO
Término de materia o nombre geográfico como elemento de entrada Mujeres en la literatura
Fuente del encabezamiento o término
9 (RLIN) 2269
905 ## - TIPO DE MATERIAL
Tipo de material Libro
Holdings
Estado de retiro Estado de pérdida Fuente del sistema de clasificación o colocación Estado dañado No para préstamo Código de colección Localización permanente Ubicación/localización actual Ubicación en estantería Fecha de adquisición Total de préstamos Renovaciones totales Clasificación Código de barras Fecha visto por última vez Fecha del último préstamo Número de copia Tipo de ítem Koha
    Library of Congress Classification     Colección General Bib. Gregorio Torres Quintero Bib. Gregorio Torres Quintero Planta baja 08/06/2022 57 2 PQ8097 A4 C2.3b 94229 16/05/2025 01/04/2025 1 Libro